000 01133cam a2200301 a 4500
001 3013636
005 20230321150103.0
008 940323s1994 pau b 001 0 eng
010 _a 94010477
020 _a089871334X
040 _aDLC
_cDLC
_dDLC
050 0 0 _aQA402.3
_b.L489 1994
082 0 0 _a515.642
_220
_bBOY
100 _aBoyd, Stephen
_9110947
245 0 0 _aLinear matrix inequalities in system and control theory /
_cStephen Boyd ... [et al.].
260 _aPhiladelphia :
_bSociety for Industrial and Applied Mathematics,
_cc1994.
300 _aix, 193 p. ;
_c26 cm.
490 1 _aSIAM studies in applied mathematics ;
_vvol. 15
504 _aIncludes bibliographical references (p. 161-186) and index.
650 0 _aControl theory.
650 0 _aMatrix inequalities.
_984682
650 0 _aMathematical optimization.
700 1 _aBoyd, Stephen P.
_9110948
830 0 _aSIAM studies in applied mathematics ;
_v15.
_9110949
906 _a7
_bcbc
_corignew
_d1
_eocip
_f19
_gy-gencatlg
942 _2ddc
_cBK
999 _c593978
_d593978